MDQL
is popping MORE tags! Check the
thread
!
Quizzes
Events
Quiz Creation
Community
Videos
Private Events
Remove Ads
Sign In
Join for FREE
Feedback
Dark Mode
Quiz Categories
Sports
Geography
Music
Movies
Television
Just For Fun
Miscellaneous
History
Literature
Language
Science
Gaming
Entertainment
Religion
Holiday
For Kids
Quiz Lab
Recent
Popular Today
Quiz Kudos Today
Editor Picks
Curator Picks
Quizzes by...
Day
Popularity
Type
Ratings
Length
Year
Community
Subscriptions
Recent Discussions
Orange Saloon
Badges
Playlists
Quests
Create
Leaderboards
Showdown
Live 5
Trivia Bingo
Activity
Puzzle Library
Sporcle Events
Private Events
Virtual Trivia
Globe League
Become a Host
Pub Owners
SporcleCon
Opinionation
Our Games
Videos
Blog
Mobile Apps
Partnerships
Remove Ads and Go Orange
Feedback
Sports
Athletes
MLB
NBA
NHL
NFL
Soccer
Sports Teams
WWE
NCAA
Football
Premier League
Basketball
Baseball
Hockey
Golf
Tennis
Cricket
Rugby
Auto Racing
Olympics
World Cup
Sports
Athletes
MLB
NBA
NHL
NFL
Soccer
Sports Teams
WWE
NCAA
Football
Premier League
Basketball
Baseball
Hockey
Golf
Tennis
Cricket
Rugby
Auto Racing
Olympics
World Cup
Random Quiz
Search Sporcle
×
Quiz Lab
Quiz Lab
Sports
2012
Type in answers that appear in a list
Type in answers that appear in a list
Classic
Best Score? Go Orange.
Boston Bruins Roster11-12 Stats
Can you name the Boston Bruins Roster11-12?
By
ryanu2
8m
24 Questions
31 Plays
31 Plays
31 Plays
Comments
Comments
Give Quiz Kudos
Give Quiz Kudos
-
- Ratings
hide this ad
Replay
Link that replays current quiz
Next Quiz
Link to next quiz in quiz playlist
You Got
0%
They Got
Avg Score
80%
Avg Friend Score
Upgrade to see
Score Distribution
Jump to the score distribution portion of the page
Score
0/24
Timer
08:00
0
Plays Today
Number
Player
% Correct
37
Patrice Bergeron
100%
17
Milan Lucic
96.8%
63
Brad Marchand
96.8%
33
Zdeno Chara
96.8%
40
Tuukka Rask
96.8%
30
Tim Thomas
96.8%
46
David Krejci
93.5%
19
Tyler Seguin
93.5%
44
Dennis Seidenberg
87.1%
23
Chris Kelly
83.9%
22
Shawn Thornton
83.9%
21
Andrew Ference
83.9%
Number
Player
% Correct
11
Gregory Campbell
80.6%
18
Nathan Horton
80.6%
91
Marc Savard
77.4%
55
Johnny Boychuk
77.4%
54
Adam McQuaid
77.4%
20
Daniel Paille
74.2%
49
Rich Peverley
74.2%
67
Benoit Pouliot
64.5%
38
Jordan Caron
64.5%
14
Joe Corvo
61.3%
47
Steve Kampfer
48.4%
52
Zach Hamill
41.9%
Quiz Playlist
Details
Report
Send in Message
Add To Playlist
Classic:
Type in answers that appear in a list
Quiz Source
Last Updated: Feb 16, 2017
Quiz Scoreboard
CHALLENGE
Sign Up to Join the Scoreboard
Show All
Scores
Hide
Comments
May contain spoilers
Recently Published
Street Fighter Characters
by Artimus82
Gaming
60s
9x9 Crossword: Cartoon Network
by jackfrog10
Miscellaneous
3m
College Basketball Coaching Resumes
by pancakes188
Sports
9m
More to Explore
Quiz From the Vault
Featured Blog Post
Where Did the Easter Bunny Come From?
hide this ad
You Might Also Like...
Tags
2011
2012
Boston Bruins
Roster
Today's Top Quizzes in Sports
Browse Sports
hide this ad
Today's Top Quizzes in 2012
Browse 2012
Top Contributed Quizzes in Sports
1
2022 World Cup Stars
2
Les meilleurs buteurs des matchs entre le PSG et l’OM
3
FIFA Club World Cup Champions
4
Les entraîneurs de l'OM et du PSG au 21e siècle
5
Criteria MLB: Left Handed Sluggers
6
2023 MLB Unique Player Accomplishments
7
AFC Teams Reveal (Wrong Answers Minefield)
8
5-to-1: FBS Animal Nicknames
9
Players with Multiple 50 Home Run Seasons
10
5-to-1: UK Sports Teams
Explore More
Trending Topics
NBA
Anime
Harry Potter
Marvel
Crossword
Disney
Kpop
Soccer
The Office
Country
Puzzle
WWE
Song
NFL
Pokémon
hide this ad
More By:
ryanu2
Quiz
Plays
Rating
Category
Featured
Created
N.B.A All Star or Not Since 2005 (clickable mines)
54,610
2.63
Sports
May 3, 2012
NHL First Overall Picks Since 1990 (clickable mines)
1,962
3.29
Sports
May 3, 2012
2011 -2012 Philadelphia Flyers Roster
1,808
3.71
Sports
Nov 8, 2011
NBA First Overall Picks Since 1990 (Clickable Mines)
904
3.33
Sports
May 3, 2012
The Peyton Manning Quiz
672
3.00
Sports
Feb 2, 2012
Go to Creator's Profile
Score Distribution
Quiz Creator Spotlight
ryanu2
Follow
Send a Message
Quizzes Created
-
Created Quiz Play Count
-
More By This Creator
Popular Quizzes Today
1
Find the US States - No Outlines Minefield
2
Find the Countries of Europe - No Outlines Minefield
3
The Countries of the World
4
Find the US States
5
Risky Map Clicking: Biggest States A-Z
6
US States
7
Popular People in 1961
8
Movies - When Are They Set?
More Sports Quizzes
MLB Top 100 Home Run Hitters (2016)
Published
Trending Quizzes
Risky Map Clicking: Least Populous States A-Z
Countries of the World: 200 Million BC
1-10 Letter G Words
Risky Map Clicking: Next State Alphabetically
Adjectives in 80s TV Shows
Recently Updated
Leaping Animals
pecheneg
Reality TV Shows (A-Z)
bhenderson79
Rickey Henderson's Hall of Fame Teammates
pecheneg
Champions League XIs: Arsenal
pecheneg
Quick Pick: Celebrities in WWE's Hall of Fame
aduchscher
A-Z Keypad Blitz II
pecheneg
Multiple Oscar Actors
pecheneg
Mystery Phrase Blitz: Oscar 'Best Actors'
pecheneg
F. Scott Fitzgerald Novels
LTH
Pick 3 Villains
ddd62291
Trending Topics
Marvel
Disney
NBA
Crossword
Harry Potter
Anime
Kpop
WWE
Pokémon
Soccer
Country
Puzzle
The Office
Song
NFL
Your Account Isn't Verified!
In order to create a playlist on Sporcle, you need to verify the email address you used during registration. Go to your
Sporcle Settings
to finish the process.
Report this User
Report this user for behavior that violates our
Community Guidelines
.
Details:
Send Report
Go to the Sporcle.com Mobile Site →
Comments